000 00533nam a2200217Ia 4500
003 OSt
005 20220928152000.0
006 a|||||r|||| 00| 0
007 ta
008 220927b |||||||| |||| 00| 0 eng d
024 _a138558
037 _cTextual
040 _aSDCL
_cSDCL
_beng
041 _2eng
_aeng
082 _aQ1, A59
100 _aWrightson Rev R
_9518757
245 0 _aSacred literature of the Hindus.
260 _c1859
942 _hQ1, A59
_cTEXL
_2CC
999 _c853753
_d853753